| 000 | 00000nas##2200000za#4500 |
| 001 | 9.512454 |
| 003 | CaOODSP |
| 005 | 20241203113633 |
| 007 | ta |
| 008 | 150406c2013||||xxc|| p #||||f| |0eng|d |
| 040 | |aCaOODSP|beng |
| 041 | |aeng |
| 041 | |afre |
| 043 | |an-cn--- |
| 086 | 1 |aEn81-3 |
| 110 | 1 |aCanada. |bEnvironment Canada. |
| 245 | 10|aCanadian Environmental Protection Act, 1999, annual report |
| 260 | |aGatineau - Quebec : |bEnvironment Canada |
| 310 | |aAnnual |
| 362 | 1 |aApril 2012 to March 2013 - |
| 500 | |aFormed by merger of : (En81-3E), and (En81-3F). |
| 520 | 3 |aReports on the administration and enforcement of the Act during the fiscal year. |
| 690 | 07|aEnvironmental protection|2gcpds |
| 690 | 07|aLegislation|2gcpds |
| 776 | 0#|tCanadian Environmental Protection Act, 1999 : |w(CaOODSP)9.505780 |
| 792 | |tLoi canadienne sur la protection de l'environnement (1999) - rapport annuel |efre|w(CaOODSP)9.512455 |